Sinay Miklós. Írta dr. Csűrös Ferencz

Elmentve itt :
Bibliográfiai részletek
Szerző: Halasy-Nagy József
Adatforrás:Philobibl
Forrásdokumentuma:Irodalomtörténeti Közlemények
1908. 18. évf.
Dokumentumtípus: Cikk
Nyelv:magyar
LEADER 00422nab a2200109 c 4500
001 bibDOK00015510
005 20200924121021.1
008 060518s1908 hu hun
100 2 |a Halasy-Nagy József 
245 1 0 |a Sinay Miklós. Írta dr. Csűrös Ferencz  |c Halasy-Nagy József 
500 |a (Programértekezés a debreczeni ref. főgimn. 1907/8-iki Értesítőjében) Ismertetés 
773 0 |t Irodalomtörténeti Közlemények  |g 1908. 18. évf.